000 00636nam a2200193Ii 4500
003 JO-AjNU
008 230605s9999||||xx |||||||||||||| ||und||
040 _aJO-AjNU
_bara
_erda
_cJO-AjNU
041 _aara
050 1 4 _aPJ7820 .U48 A17
100 3 _aالضمور، محمد ياسين,
_eauthor
_947280
245 0 0 _aنظم القوافي: ديوان شعر
264 3 1 _aد.م: د.ن، د.ت
300 _a136ص
336 _atext
_btxt
_2rdacontent
337 _aunmediated
_bn
_2rdamedia
338 _avolume
_bnc
_2rdacarrier
650 4 _aالشعر العربي - الاردن - الشعر النبطي - الاردن
_947281
999 _aA20628
_c24196
_d24196